| 000 | 00000nas##2200000za#4500 |
| 001 | 9.513141 |
| 003 | CaOODSP |
| 005 | 20200325130542 |
| 007 | ta |
| 008 | 150406c2001||||xxc|| m #||||f| |0fre|d |
| 040 | |aCaOODSP|bfre |
| 043 | |an-cn--- |
| 086 | 1 |aM143-5F |
| 110 | 1 |aCanada.|bRessources naturelles Canada. |bDirection des ressources énergétiques. |
| 245 | 10|aÉtude de cas - Systèmes de chauffage à la biomasse |
| 260 | |aOttawa - Ontario : |bRessources naturelles Canada. |
| 563 | |aCouverture souple |
| 775 | 08|tCase study - biomass combustion systems |w(CaOODSP)9.514788 |
| 776 | 0#|tÉtude de cas. Systèmes de chauffage à la biomasse |w(CaOODSP)9.501325 |